| 000 | 01361 a2200241 4500 | ||
|---|---|---|---|
| 001 | 56996 | ||
| 005 | 20260407155832.0 | ||
| 008 | 260407a1991 arg spa d | ||
| 003 | AR-UNSa-BCEJYS | ||
| 040 |
_aAR-UNSa-BCEJYS _bspa _cAR-UNSa-BCEJYS |
||
| 080 |
_a330(8) _xEconomía de América del Sur. Estados y Regiones de América del Sur. América Latina. Iberoamérica |
||
| 245 | 1 | 0 | _aThe public sector and the latin american crisis |
| 020 | _a1-55815-118-4 | ||
| 264 | 1 |
_aSan Franciso, California : _bInternational Center for Economic Growth _c1991 |
|
| 300 |
_a352 p. _c22 cm. |
||
| 505 | _a1. Public Sector and the Latin American Crisis: An Introduction – 2. Public Sector Behavior in Argentina – 3. Public Sector Adjustment to External Shocks and Domestic Pressures in Brazzil – 4. Public Sector Behavior in Highly Indebted Country: The Contrasting Chilean Experience – 5. Public Sector Behavior in Mexico – 6. The Behavior of the Public Sector in Peru: A Macroeconomic Approach – 7. Public Sector Behavior in Venezuela – 8. Comparative Analysis, Lesson, and Policy Conclusions | ||
| 041 | _aspa | ||
| 942 | _cBK | ||
| 590 | _aniveau_biblio:m niveau_hierar:0 | ||
| 100 | 1 | _aLarraín B., Felipe | |
| 700 | 1 | _aSelowsky, Marcelo | |
| 856 | 4 | 1 |
_uhttps://biblioeco.unsa.edu.ar/pmb/images/libros/L128636.jpg _yImagen de portada _qimage/jpeg |
| 999 |
_c6084 _d6084 |
||